<?xml version="1.0" encoding="UTF-8"?>
<collection xmlns="http://www.loc.gov/MARC21/slim">
    <record>
        <controlfield tag="001">66936</controlfield>
        <controlfield tag="005">20180223094725.0</controlfield>
        <datafield tag="037" ind1=" " ind2=" ">
            <subfield code="a">GDOC-2016-28733</subfield>
        </datafield>
        <datafield tag="041" ind1=" " ind2=" ">
            <subfield code="a">spa</subfield>
        </datafield>
        <datafield tag="100" ind1=" " ind2=" ">
            <subfield code="0">(orcid)0000-0001-9437-0085</subfield>
            <subfield code="1">572564</subfield>
            <subfield code="a">Russo , Beniamino</subfield>
        </datafield>
        <datafield tag="245" ind1="0" ind2="0">
            <subfield code="9">28733</subfield>
            <subfield code="a">Ampliación de hidrología superficial</subfield>
        </datafield>
        <datafield tag="260" ind1=" " ind2=" ">
            <subfield code="a">Zaragoza</subfield>
            <subfield code="b">Universidad de Zaragoza</subfield>
            <subfield code="c">2016-2017</subfield>
        </datafield>
        <datafield tag="520" ind1=" " ind2=" ">
            <subfield code="a">Breve presentación de la asignatura
Esta asignatura pretende profundizar en el campo de la hidrología superficial, con especial atención a estudios de Ingeniería hidrológica.
En el currículo de la titulación, la asignatura de “Ampliación de Hidrología Superficial” se caracteriza por el desarrollo de temas específicos  de Hidrología Superficial adentro del marco de la Ingeniería Hidrológica.
En cada tema se desarrollan ejercicios prácticos para que los alumnos/as trabajen tanto en clase como de forma autónoma y sirvan como materia de discusión en las clases, con el fin principal de dotarles de un papel activo en su proceso de aprendizaje, teniendo como punto central y fundamental de referencia a la hora de evaluarlos, la importancia de la reflexión, análisis e interpretación de los resultados obtenidos haciéndonos partícipes del espíritu de Bolonia. </subfield>
            <subfield code="b"> </subfield>
        </datafield>
        <datafield tag="521" ind1=" " ind2=" ">
            <subfield code="9">141</subfield>
            <subfield code="a">Ingeniería Civil</subfield>
        </datafield>
        <datafield tag="540" ind1=" " ind2=" ">
            <subfield code="a">by-nc-sa</subfield>
            <subfield code="b">Creative Commons</subfield>
            <subfield code="c">3.0</subfield>
            <subfield code="u">http://creativecommons.org/licenses/by-nc-sa/3.0/</subfield>
        </datafield>
        <datafield tag="830" ind1=" " ind2=" ">
            <subfield code="9">423</subfield>
        </datafield>
        <datafield tag="856" ind1="4" ind2=" ">
            <subfield code="s">11142</subfield>
            <subfield code="u">http://zaguan.unizar.es/record/66936/files/guia-28733-en.pdf</subfield>
            <subfield code="y">Guide (english)</subfield>
        </datafield>
        <datafield tag="856" ind1="4" ind2=" ">
            <subfield code="s">24549</subfield>
            <subfield code="u">http://zaguan.unizar.es/record/66936/files/guia-28733-es.pdf</subfield>
            <subfield code="y">Guía (idioma español)</subfield>
        </datafield>
        <datafield tag="970" ind1=" " ind2=" ">
            <subfield code="a">GDOC-2016-28733</subfield>
        </datafield>
        <datafield tag="980" ind1=" " ind2=" ">
            <subfield code="a">GDOC</subfield>
            <subfield code="b">Ingeniería y arquitectura</subfield>
            <subfield code="c">175</subfield>
        </datafield>
    </record>

    
</collection>